000 00856nam a2200265Ia 4500
005 20220316235402.0
008 121119s2000 mx gr 000 0 spa
020 _a9684443412
041 1 _aspa
082 0 4 _a519.5
_bT73e
100 1 _aTriola, Mario F.,
245 1 0 _aEstadística elemental
_cMario F. Triola ; traducción, Roberto L. Escalona
250 _aSéptima edición
264 1 _aMéxico
_bPrentice Hall
_c2000
300 _a791 páginas
_c26 cm.
336 _atexto
_btxt
_2rdacontent
337 _asin mediación
_bn
_2rdamedia
338 _avolumen
_bnc
_2rdacarrier
500 _aIncluye índice
650 1 4 _2LEMB
_aEstadìstica
_xProblemas, ejercicios, etc.
650 1 4 _2LEMB
_aEstadística para ciencias de la salud
700 1 _aEscalona, Roberto L.
_etraductor
_9118276
942 _2ddc
_cBK
040 _aCO-BoRNBP
_bspa
_erda
_cCO-BoRNBP
999 _c797
_d797